Mixed Word: Common Bond LXVII Quiz Stats

 Plays Quiz Updated Mar 3, 2017

Support Sporcle.
Go Orange.
Score 0/20 Timer 03:00
1 Play Today
Mixed Word Answer % Correct
INRARain
98.6%
OKLFFolk
98.1%
BUCLClub
97.1%
GACECage
96.7%
OOLRFFloor
91.2%
CSSLAClass
90.7%
LBYLEBelly
82.3%
AKRBEBreak
82.2%
LSFHAFlash
80.3%
TRITIONADALTraditional
71.2%
Mixed Word Answer % Correct
TAYFESSafety
69.1%
IRMEXRemix
59.7%
LEAWGGWaggle
59%
Common Bond:Dance
58.6%
TOWDCHOUNTouchdown
52.3%
KECHNICChicken
49.2%
NRLEUVTOIORevolution
28.1%
NONIFERInferno
4.3%
EMPAOYLMaypole
4.3%
CIEOOTMNIPTCompetition
4.3%

You're not logged in!

Compare scores with friends on all Sporcle quizzes.
OR
Log In
Forgot?

From the Vault

Flowers

by Hejman

Finally a quiz that makes scents!
Remove Ads.
Support Sporcle.
Get the best of Sporcle when you Go Orange. This ad-free experience offers more features, more stats, and more fun while also helping to support Sporcle. Thank you for becoming a member.

Show Comments

Extras

Top Quizzes Today


Score Distribution

Your Account Isn't Verified!

In order to create a playlist on Sporcle, you need to verify the email address you used during registration. Go to your Sporcle Settings to finish the process.

Report this User

Report this user for behavior that violates our Community Guidelines.

Details: